=LDR 00000nam 2200000 4500 =001 INLIS000000001052360 =005 20240827092836 =035 ##$$a 0010-0824000178 =007 ta =008 240827################a##########1###### =020 ##$$a 978-89-6509-689-4 =082 ##$$a 028.55 =084 ##$$a 028.55 LEE p =100 #$$a Lee Kyung-eun =245 1#$$a Peri Chics itu malas /$c Lee Kyung-eun =260 ##$$a Tongkeun World :$b Gyeonggi-do =300 ##$$a 31 hlm : $b ilus ; $c 21,5 x 26,4 cm =650 #4$$a Bacaan Kanak-kanak =990 ##$$a 17511751